| 000 | 00844nam a22002295i 4500 | ||
|---|---|---|---|
| 001 | 176471 | ||
| 003 | ES-MaACL | ||
| 005 | 20250829131838.0 | ||
| 008 | 110118s1969 sp |||| | spa d | ||
| 080 | _a2:37 | ||
| 080 | _a27-47 | ||
| 245 | 0 | 1 |
_a"Amarás a tu prójimo como a ti mismo" _b: plan y materiales para lecciones bíblicas / _cpor un equipo pedagógico del profesorado de Alsacia. |
| 260 |
_aMadrid : _bApostolado de la Prensa, _c[1969] |
||
| 300 |
_a40 p. ; _c23 cm. |
||
| 490 | 1 |
_aCuadernos de pedagogía religiosa. Niños n. 3 ; _v5 |
|
| 650 | 4 |
_aReligión- _xEnseñanza. _9144779 |
|
| 650 | 7 |
_aVida cristiana _2embne _917790 |
|
| 710 | 2 |
_aApostolado de la Prensa. _91403 |
|
| 830 | 1 | 0 |
_aCuadernos de pedagogía religiosa _v5 _9190056 |
| 852 |
_aES-MaACL _jE-14075 (5) _xOlim P-1658 |
||
| 999 |
_c176471 _d176471 |
||